JISOO (BlackPink) - Toutes les chansons - Statistiques

Statistiques générales
  • Ce quiz a été pris 238 fois
    150 depuis la dernière actualisation
  • Le résultat moyen est 6 sur 7
Statistiques - réponses
Hint Réponse % Correct
ME 1 FLOWER
99%
ME 2 All Eyes On Me
91%
AMORTAGE 1 earthquake
90%
AMORTAGE 2 Your Love
80%
Singles 2025 Eyes Closed (feat. Zayn)
74%
AMORTAGE 4 Hugs & Kisses
72%
AMORTAGE 3 TEARS
68%
Aucun quiz correspondant
Distribution des résultats
% des personnes avec chaque résultat
Percentile par nombre de réponses
Votre historique - résultats
Vous n’avez pas pris ce quiz depuis la dernière actualisation